| 000 | 00992nam a2200265Ia 4500 | ||
|---|---|---|---|
| 003 | OSt | ||
| 005 | 20221005111849.0 | ||
| 006 | a|||||r|||| 00| 0 | ||
| 007 | ta | ||
| 008 | 221004b |||||||| |||| 00| 0 san d | ||
| 020 |
_a9789381698037 (hbk) _c380 |
||
| 024 | _a122048 | ||
| 037 |
_b438, 13/02/2012, Eastern Book Linkers _cTextual |
||
| 040 |
_aCRL _cCRL _bsan |
||
| 041 |
_2san _asan |
||
| 082 | _aO15,1F75,1:g(R), 152Q2 | ||
| 100 | _aझा, शिश्वनाथ | ||
| 245 | 0 | _aनैषधीचरित का दार्शनीक अध्ययन | |
| 246 | _aNaiṣhadhīcharit kā dārshanīk adhyayana | ||
| 260 |
_aवाराणसी _bकला प्रकाशन भारत _c2012 |
||
| 300 |
_a144पृ0 _ccm. |
||
| 650 | _aसंस्कृत साहित्य | ||
| 942 |
_hO15,1F75,1:g(R), 152Q2 _cTEXL _2cc |
||
| 999 |
_c1023121 _d1023121 |
||